| 000 -LEADER |
| fixed length control field |
01723nam a2200253Ia 4500 |
| 001 - CONTROL NUMBER |
| control field |
19428 |
| 003 - CONTROL NUMBER IDENTIFIER |
| control field |
GE_BSU |
| 008 - FIXED-LENGTH DATA ELEMENTS--GENERAL INFORMATION |
| fixed length control field |
181216s||||||||xx |||||||||||||| ||und|| |
| 040 ## - CATALOGING SOURCE |
| Transcribing agency |
GE_BSU |
| 080 ## - UNIVERSAL DECIMAL CLASSIFICATION NUMBER |
| Universal Decimal Classification number |
81'(063) |
| 245 ## - TITLE STATEMENT |
| Title |
იბერიულ-კავკასიური ენათმეცნიერება XXI = иберийско-кавказкое языкознание=IVERO-CAUCASIA |
| 245 ## - TITLE STATEMENT |
| Remainder of title |
ეძღვნება საქართველოს სსრ მეცნიერებათა აკადემიის წევრ-კორესპოდენტს პროფესორ თინათინ სიმონის ასულ შარაძენიძეს დაბადების სამოცი წლის თავზე. |
| 245 ## - TITLE STATEMENT |
| Statement of responsibility, etc. |
სარედ;კოლ;პ.გაჩეჩილაძე,ივ.გიგინეიშვილი და სხვ;ტომის რედ:ქ.ლომთათიძე |
| 260 ## - PUBLICATION, DISTRIBUTION, ETC. |
| Place of publication, distribution, etc. |
თბილისი |
| 260 ## - PUBLICATION, DISTRIBUTION, ETC. |
| Name of publisher, distributor, etc. |
მეცნიერება |
| 260 ## - PUBLICATION, DISTRIBUTION, ETC. |
| Date of publication, distribution, etc. |
1979 |
| 300 ## - PHYSICAL DESCRIPTION |
| Extent |
257გვ;26სმ |
| 300 ## - PHYSICAL DESCRIPTION |
| Other physical details |
1ფ პორტრეტი |
| 653 ## - INDEX TERM--UNCONTROLLED |
| Uncontrolled term |
ენათმეცნიერება |
| 653 ## - INDEX TERM--UNCONTROLLED |
| Uncontrolled term |
ტომში გამოქვეყნებულია თანამედროვე ზოგადი ენათმეცნიერების,იბერიულ-კავკასიური ენების ფონეტიკის,გრამატიკული სტრუქტურისა და ლექსიკის საკითხები. |
| 653 ## - INDEX TERM--UNCONTROLLED |
| Uncontrolled term |
ქართული ენა |
| 942 ## - ADDED ENTRY ELEMENTS (KOHA) |
| Koha item type |
წიგნი |